Ethnic Movement in Transition (Record no. 10469)

MARC details
000 -LEADER
fixed length control field 00570nam a2200229 a 4500
020 ## - INTERNATIONAL STANDARD BOOK NUMBER
ISBN 8173915
082 00 - DEWEY DECIMAL CLASSIFICATION NUMBER
Classification number 301.0954
Author Cutter PAL
100 ## - MAIN ENTRY--AUTHOR NAME
Author name Palanithurai, G
245 ## - TITLE STATEMENT
Title Ethnic Movement in Transition
260 ## - PUBLICATION, DISTRIBUTION, ETC. (IMPRINT)
Place of publication Delhi
Name of publisher Kanishka Pub.
Year of publication 1998
300 ## - PHYSICAL DESCRIPTION
Number of Pages 232p
500 ## - GENERAL NOTE
General note includes index and biblioraphy
505 2# - FORMATTED CONTENTS NOTE
Formatted contents note Bibliography, Index
650 ## - SUBJECT ADDED ENTRY--TOPICAL TERM
Topical Term Ethnology-India
942 ## - ADDED ENTRY ELEMENTS (KOHA)
Koha item type Books
Holdings
Collection code Home library Current library Date acquired Cost, normal purchase price Full call number Accession Number Koha item type
  Henry Martyn Institute Library Henry Martyn Institute Library 08/01/2007 395.00 301.0954 PAL 019447 Books
                   Copyright © 2026 | Henry Martyn Institute | Hyderabad | TS-500052 | INDIA | Implemented by hmi.edu.in
Hit-Count:

Powered by Koha